<?xml version="1.0" encoding="UTF-8"?><?xml-stylesheet type="text/xsl" href="static/style.xsl"?><OAI-PMH xmlns="http://www.openarchives.org/OAI/2.0/" xmlns:xsi="http://www.w3.org/2001/XMLSchema-instance" xsi:schemaLocation="http://www.openarchives.org/OAI/2.0/ http://www.openarchives.org/OAI/2.0/OAI-PMH.xsd"><responseDate>2026-04-27T12:56:29Z</responseDate><request verb="GetRecord" identifier="oai:uvadoc.uva.es:10324/6790" metadataPrefix="marc">https://uvadoc.uva.es/oai/request</request><GetRecord><record><header><identifier>oai:uvadoc.uva.es:10324/6790</identifier><datestamp>2025-02-18T12:17:54Z</datestamp><setSpec>com_10324_38</setSpec><setSpec>col_10324_852</setSpec></header><metadata><record xmlns="http://www.loc.gov/MARC21/slim" xmlns:doc="http://www.lyncode.com/xoai" xmlns:xsi="http://www.w3.org/2001/XMLSchema-instance" xmlns:dcterms="http://purl.org/dc/terms/" xsi:schemaLocation="http://www.loc.gov/MARC21/slim http://www.loc.gov/standards/marcxml/schema/MARC21slim.xsd">
<leader>00925njm 22002777a 4500</leader>
<datafield tag="042" ind1=" " ind2=" ">
<subfield code="a">dc</subfield>
</datafield>
<datafield tag="720" ind1=" " ind2=" ">
<subfield code="a">Gracia Andrés, Andrea</subfield>
<subfield code="e">author</subfield>
</datafield>
<datafield tag="260" ind1=" " ind2=" ">
<subfield code="c">2014</subfield>
</datafield>
<datafield tag="520" ind1=" " ind2=" ">
<subfield code="a">El objetivo es que los niños se den cuenta de que no todos los cuentos son de fantasía, sino que en muchos de ellos se ve reflejada la realidad y podemos ayudarnos de lo  mismos para aprender y entender aquello que nos rodea, así como habituarles a leer. Se trata de una metodología activa en la que los niños sociabilicen con sus compañeros y aprendan de ellos a partir de sus experiencias personales y familiares, que pierdan el miedo a expresar lo que sienten y dejen volar su imaginación, desarrollando sus competencias tanto lingüísticas como creativas. También se trabaja fomentar el hábito lector desde la primera infancia con el desarrollo de actividades y juegos que motiven al niño y le inciten a leer más y descubrir nuevas historias.</subfield>
</datafield>
<datafield tag="024" ind2=" " ind1="8">
<subfield code="a">http://uvadoc.uva.es/handle/10324/6790</subfield>
</datafield>
<datafield ind1=" " ind2=" " tag="653">
<subfield code="a">Lectura, Afición a la</subfield>
</datafield>
<datafield ind1=" " ind2=" " tag="653">
<subfield code="a">Habilidades sociales</subfield>
</datafield>
<datafield ind1=" " ind2=" " tag="653">
<subfield code="a">Lenguaje-Adqusición</subfield>
</datafield>
<datafield tag="245" ind1="0" ind2="0">
<subfield code="a">Las relaciones fraternales en la literatura infantil: una propuesta para el aula</subfield>
</datafield>
</record></metadata></record></GetRecord></OAI-PMH>